[Event "Luxembourg-ch"]
[Site "Luxembourg"]
[Date "1999.04.11"]
[Round "9"]
[White "Mossong, Bernadette"]
[Black "Mertens, David"]
[Result "1-0"]
[WhiteElo "1777"]
[BlackElo "1591"]
[PlyCount "94"]
[EventDate "1999.04.03"]
[EventType "swiss"]
[EventRounds "9"]
[EventCountry "LUX"]
[SourceTitle "EXT 2005"]
[Source "ChessBase"]
[SourceDate "2004.11.15"]
[SourceVersion "1"]
[SourceVersionDate "2004.11.15"]
[SourceQuality "1"]

1. d4 f5 2. c4 Nf6 3. Nf3 g6 4. g3 Bg7 5. Bg2 0-0 6. Nc3 e6 7. Bd2 d6 8. Qc1 Nbd7 9. Bh6 e5 10. Bxg7 Kxg7 11. d5 Re8 12. Ng5 Nf8 13. e4 h6 14. Nh3 N8d7 15. 0-0 a5 16. f4 Nc5 17. Nf2 exf4 18. Qxf4 Re5 19. exf5 Bxf5 20. Rad1 Qe7 21. h3 Re8 22. Qd2 Be4 23. Bxe4 Nfxe4 24. Ncxe4 Nxe4 25. Nxe4 Rxe4 26. Qc1 Re2 27. Rf2 Re1+ 28. Rf1 Rxf1+ 29. Rxf1 Qe3+ 30. Qxe3 Rxe3 31. Kf2 Re7 32. Re1 Rxe1 33. Kxe1 Kf7 34. Kf2 Kf6 35. Ke3 g5 36. b3 h5 37. a3 g4 38. h4 c6 39. dxc6 bxc6 40. b4 a4 41. b5 cxb5 42. cxb5 Ke6 43. Kf4 Kd5 44. Kg5 Kc5 45. b6 Kxb6 46. Kxh5 d5 47. Kxg4 Kc5 1-0

[Event "Luxembourg-ch"]
[Site "Luxembourg"]
[Date "1999.04.08"]
[Round "6"]
[White "Schmit, Francis"]
[Black "Mossong, Bernadette"]
[Result "1-0"]
[WhiteElo "1950"]
[BlackElo "1777"]
[PlyCount "65"]
[EventDate "1999.04.03"]
[EventType "swiss"]
[EventRounds "9"]
[EventCountry "LUX"]
[SourceTitle "EXT 2005"]
[Source "ChessBase"]
[SourceDate "2004.11.15"]
[SourceVersion "1"]
[SourceVersionDate "2004.11.15"]
[SourceQuality "1"]

1. d4 e6 2. c4 b6 3. Bf4 Bb7 4. e3 Nf6 5. Nc3 Bb4 6. Nf3 d5 7. Rc1 0-0 8. Bd3 dxc4 9. Bxc4 Ne4 10. Bd3 Nxc3 11. bxc3 Be7 12. e4 c5 13. h4 cxd4 14. cxd4 Bb4+ 15. Kf1 Ba6 16. e5 Qd5 17. Kg1 Bxd3 18. Qxd3 Nc6 19. Ng5 g6 20. Rxc6 Qxc6 21. h5 Qc3 22. Qe4 Qe1+ 23. Qxe1 Bxe1 24. hxg6 fxg6 25. g3 Rfe8 26. Nxh7 Kg7 27. Bg5 Kf7 28. Bf6 Rg8 29. Ng5+ Ke8 30. Nxe6 Kd7 31. d5 Rac8 32. Rh7+ Ke8 33. Re7# 1-0